000
00298nam a22001337a 4500
008
260218b ||||| |||| 00| 0 eng d
020
_a
9951050174
041
_a
Shqip
080
_8
2.11
_a
2.11
100
_a
20.1
101
_a
Roman
245
_a
Yjet Ndritin Lart
_c
Naum Prifti
942
_2
lcc
_c
BK
999
_c
60802
_d
60802